Singapore City Quiz - Statistics

General Stats
  • This quiz has been taken 45 times
  • The average score is 7 of 12
Answer Stats
City % Correct
Tampines
89%
Bedok
82%
Woodlands
71%
Yishun
68%
Sengkang
66%
Ang Mo Kio
63%
Punggol
63%
Hougang
55%
Jurong West
53%
Bukit Batok
50%
Choa Chu Kang
42%
Bukit Merah
34%
No matching quizzes found
Score Distribution
Percent of People with Each Score
Percentile by Number Answered
Your Score History
You have not taken this quiz